Saftbox - Sudden Death - Statistiken

Allgemein
  • Dieses Quiz wurde 145 mal gespielt
  • Das Durchschnittsergebnis liegt bei 17 aus 27
Answers on the Grid
Answers color-coded by a green-red scale on the quiz's grid according to % correct below.
🍎
🍊
🍋
🍏
🍋
🍎
🍋
🍋
🍎
🍊
🍋
🍎
🍊
🍊
🍋
🍋
🍎
🍏
🍋
🍎
🍏
🍏
🍎
🍋
🍏
🍎
🍎
🍊
🍋
🍊
🍎
🍊
🍊
🍋
🍎
🍎
🍊
🍋
🍎
🍎
🍊
🍋
🍋
🍎
🍊
🍏
🍋
🍎
🍎
 
Antwortstatistiken
Antwort % Korrekt
🍎
82%
🍎
80%
🍊
77%
🍋
73%
🍎
68%
🍎
66%
🍊
64%
🍎
63%
🍋
63%
🍎
63%
🍊
62%
🍊
62%
🍊
61%
🍋
61%
🍋
61%
🍎
61%
🍋
61%
🍎
61%
🍎
61%
🍎
61%
🍊
60%
🍋
60%
🍎
59%
🍎
59%
🍊
59%
🍎
59%
🍋
58%
Keine übereinstimmenden Quizze gefunden
Verteilung der Resultate
Anzahl Personen mit jedem Resultat
Perzentil nach korrekt beantworteten Fragen
Ihre Resultats-Entwicklung
Sie haben dieses Quiz noch nicht gespielt